[Event "HCL-A100"]
[Site "www.playchess.de"]
[Date "2001.04.12"]
[Round "21"]
[White "tilki"]
[Black "mgwili"]
[WhiteElo "1600"]
[BlackElo "1900"]
[PlyCount "69"]
[Result "1-0"]

1.d4 {good luck}  e6 {hi. how r u? i am from zim. 
25yrs. m. u?}  2.e4 {hi,ý m from turkey/istanbul. 
m 27}  d5 {cool. tell me. are u also new to this 
site? this is my first time.}  3.e5 {ý m new user 
to this site}  c5 {what do u do for a living? i am 
at university.}  4.Bb5+ {ý m a metallurgýcal 
engineering}  Nc6 {how was your weekend? do u like 
soccer?}  5.Bxc6+ {ý played tango at weekend.ý 
like soccer. do u know galatasaray}  bxc6 {yeah i 
know them. they r currently playing well in 
europe. tough quater final draw though!}  6.Nf3 
cxd4 7.Qxd4 Ba6 {is hagi going to play for 
galatasaray in the quater finals? i heard he 
threatened not to}  8.Nc3 Qb6 9.Qxb6 axb6 10.Be3 
{you r wrong he ll play}  c5 11.a4 d4 12.Bxd4 cxd4 
13.Nxd4 Bb4 14.f4 Rc8 15.Kf2 Bxc3 16.bxc3 Rxc3 
17.Rhb1 Ne7 18.Rxb6 Bc8 19.Ra2 O-O 20.a5 Rc4 
21.Rd6 Nd5 22.Ne2 Nxf4 23.Nxf4 Rxf4+ 24.Kg3 Rf5 
25.a6 Rxe5 26.a7 Bb7 27.Rb6 Ba8 28.Kf4 Rc5 29.Rb8 
Rcc8 30.Rab2 Bxg2 31.Ke5 Bc6 32.Rxc8 Rxc8 33.Rb8 
Rf8 34.Kd6 Bd5 35.Ke7 1-0

[Event "HCL-C240"]
[Site "www.playchess.de"]
[Date "2001.04.12"]
[Round "4"]
[White "coverup"]
[Black "pajala"]
[WhiteElo "1000"]
[BlackElo "1225"]
[PlyCount "53"]
[Result "1-0"]

1.c4 d5 2.d4 dxc4 3.Nf3 e6 4.e3 b5 5.Be2 Nf6 6.O-O 
c5 7.a4 Qb6 8.dxc5 Bxc5 9.axb5 Qxb5 10.Nc3 Qb3 
11.Qxb3 cxb3 12.Nb5 O-O 13.Nc7 Bb7 14.Nd2 Bd5 
15.Nxa8 Bxa8 16.Nxb3 Bb6 17.Nd2 Nc6 18.Nc4 Bc5 
19.Rd1 Ne4 20.Nd2 Nd6 21.Nb3 Bb4 22.Bd2 Bxd2 
23.Rxd2 Rd8 24.Bf3 f5 25.Rc1 Ne4 26.Rxd8+ Nxd8 
27.Rc8 1-0

[Event "HCL-C242"]
[Site "www.playchess.de"]
[Date "2001.04.12"]
[Round "5"]
[White "patzyman"]
[Black "J-ROD"]
[WhiteElo "1000"]
[BlackElo "748"]
[PlyCount "55"]
[Result "1-0"]

1.e4 e5 2.Nf3 f6 3.Bc4 c6 4.Nc3 Bc5 5.d4 Bb6 
6.dxe5 Bc7 7.exf6 Nxf6 8.Bg5 Bb6 9.e5 Rf8 10.exf6 
gxf6 11.Bh4 d5 12.Qe2+ Qe7 13.Qxe7+ Kxe7 14.Bd3 
Kf7 15.O-O Nd7 16.Bxh7 Re8 17.Rae1 Rxe1 18.Rxe1 
Nf8 19.Bd3 Bd7 20.Bg3 Re8 21.Rxe8 Kxe8 22.Na4 Ba5 
23.Nc5 Bc8 24.Nd4 Bb6 25.b4 a5 26.a3 Nd7 27.Bd6 
Kf7 28.Bf5 {sorry j-rod, no draw...i'm in a 
winning position}  1-0

[Event "HCL-E043"]
[Site "www.playchess.de"]
[Date "2001.04.12"]
[Round "10"]
[White "peze"]
[Black "VELEROFONTIS"]
[WhiteElo "2031"]
[BlackElo "2000"]
[PlyCount "43"]
[Result "1-0"]

1.e4 a6 {good luck! I hope to play a nice game}  
2.d4 b5 3.Nf3 {I hope so too. Good luck!}  Bb7 
4.Nbd2 e6 5.Bd3 c5 6.c3 Nf6 7.O-O Be7 8.dxc5 Bxc5 
9.e5 Ng4 10.Qe2 Qc7 11.h3 Nxf2 12.Rxf2 Bxf2+ 
13.Qxf2 d5 14.Nb3 Nd7 15.Qg3 Kf8 16.Be3 h6 17.Bd4 
Nb6 18.Nc5 Rc8 19.Rf1 Nd7 20.Nxe6+ fxe6 21.Ng5+ 
Ke7 22.Rf7+ 1-0

[Event "HCL-C247"]
[Site "www.playchess.de"]
[Date "2001.04.12"]
[Round "9"]
[White "Edik"]
[Black "Shyloc"]
[WhiteElo "1240"]
[BlackElo "1000"]
[PlyCount "35"]
[Result "1-0"]

1.e4 e5 {Hi, have a nice game}  2.Nf3 {Hi!}  Nc6 
3.Bb5 a6 4.Ba4 h6 {Hi}  5.O-O Nf6 6.Bxc6 bxc6 
7.Nxe5 Bd6 8.Nc4 O-O {marc}  9.e5 Bc5 10.exf6 Qxf6 
11.Nc3 d5 12.Na5 Qg6 13.Nb3 Bh3 14.Qf3 Bg4 15.Qg3 
Bd6 16.f4 h5 17.h3 Bxh3 18.Qxh3 1-0

[Event "HCL-A113"]
[Site "www.playchess.de"]
[Date "2001.04.12"]
[Round "15"]
[White "mgwili"]
[Black "Gruhni"]
[WhiteElo "1900"]
[BlackElo "1249"]
[PlyCount "69"]
[Result "1-0"]

1.e4 {hi!}  c5 {Hello from Frankfurt in Germany!}  
2.Nf3 {hi. i am from zimbabwe. 25yrs old. u?}  Nc6 
{I'm 27}  3.d4 {what do u do?}  cxd4 {I'm a 
software developer, and you?}  4.Nxd4 {post 
graduate student: i am doing masters in 
communication and media studies}  e5 5.Nxc6 bxc6 
6.Bd3 d5 7.O-O Nf6 8.Bg5 Be7 9.Bxf6 Bxf6 10.exd5 
cxd5 11.Bb5+ Bd7 12.Qxd5 Bxb5 13.Qxb5+ Qd7 
14.Qxd7+ Kxd7 15.Rd1+ Ke6 16.Nc3 Rhd8 17.Rde1 Rd2 
18.Rac1 Be7 19.Ne4 Rd7 20.f4 f6 21.c4 Kf7 22.fxe5 
fxe5 23.b3 Bf6 24.Rcd1 Rad8 25.Rxd7+ Rxd7 26.Re2 
Rd4 27.b4 Ke7 28.Nd2 Rd3 29.Nf3 Kd6 30.a4 Rd1+ 
31.Kf2 Ke6 32.Rd2 Rxd2+ 33.Nxd2 Bg5 34.Ne4 Be7 
35.b5 1-0

[Event "HCL-C255"]
[Site "www.playchess.de"]
[Date "2001.04.12"]
[Round "8"]
[White "chico"]
[Black "Fiver"]
[WhiteElo "1094"]
[BlackElo "1146"]
[PlyCount "61"]
[Result "1-0"]

1.e4 e5 2.Nf3 d6 3.Bc4 h6 4.Nc3 Nf6 5.d3 Be7 6.Be3 
Bg4 7.h3 Bh5 8.g4 Bg6 9.Qd2 O-O 10.Rg1 Nfd7 11.Nd5 
c5 12.Nxe7+ Qxe7 13.g5 h5 14.Nh4 Kh7 15.Nf5 Bxf5 
16.exf5 g6 17.f6 Nxf6 18.gxf6 Qxf6 19.O-O-O Nc6 
20.a3 Nd4 21.Bxd4 cxd4 22.Bd5 Rab8 23.Rdf1 b6 
24.f4 Qh4 25.fxe5 dxe5 26.Rxf7+ Rxf7 27.Bxf7 Rf8 
28.Bxg6+ Kg7 29.Bxh5+ Kf6 30.Rf1+ Ke7 
31.Qb4+ 1-0

[Event "HCL-C255"]
[Site "www.playchess.de"]
[Date "2001.04.12"]
[Round "10"]
[White "MEATHEAD"]
[Black "Fiver"]
[WhiteElo "1083"]
[BlackElo "1146"]
[PlyCount "76"]
[Result "0-1"]

1.e4 c5 2.d3 Nc6 3.c3 g6 4.Nf3 Bg7 5.Qb3 e6 6.g3 
Nf6 7.Bh3 O-O 8.Na3 Re8 9.Nb5 d5 10.Bf4 e5 11.Bxc8 
Rxc8 12.Be3 d4 13.Bg5 Qd7 14.O-O-O a6 15.Na3 b5 
16.c4 b4 17.Nb1 Ng4 18.Qa4 Nxf2 19.Rhf1 Nxd1 
20.Rxd1 a5 21.Nbd2 h6 22.h4 hxg5 23.hxg5 f5 24.Rh1 
fxe4 25.dxe4 Qg4 26.Rg1 Ref8 27.Qd1 Rcd8 28.Qf1 a4 
29.Qg2 a3 30.bxa3 bxa3 31.Rh1 Qe6 32.Qh2 Na5 
33.Qh7+ Kf7 34.Nxe5+ Qxe5 35.Rf1+ Ke7 36.Rxf8 Rxf8 
37.Qxg6 d3 38.Qb6 Qc3+ 0-1

[Event "HCL-B259"]
[Site "www.playchess.de"]
[Date "2001.04.12"]
[Round "3"]
[White "scd119"]
[Black "lonewolf"]
[WhiteElo "1898"]
[BlackElo "1613"]
[PlyCount "58"]
[Result "0-1"]

1.e4 c6 2.d4 d5 3.Nd2 dxe4 4.Nxe4 Nf6 5.Nxf6+ exf6 
6.c3 Bf5 7.Ne2 Bd6 8.Ng3 Bg6 9.Bc4 Qe7+ 10.Be3 Nd7 
11.Qf3 Nb6 12.Bb3 a5 13.Nf5 Bxf5 14.Qxf5 a4 15.Bc2 
a3 16.b3 Nd5 17.Kd2 Nxe3 18.fxe3 {Sir, you have a 
great record. Nice to play with you.}  g6 
{Thanks,been playing for over 50 years,really 
enjoy the game.}  19.Qf3 {Greetings from 
Pennsylvania. I am a Rumanian student at Penn 
State. Doing my Ph.D}  O-O-O {Pennsylvania is my 
home state before i retired to Arizona.Good luck 
with your studies.}  20.e4 {Thank you, enjoy the 
spring, I think that you have it there already.}  
f5 21.exf5 Qg5+ 22.Kd1 Bb4 23.Ke2 Rhe8+ 24.Kf1 {If 
you will win this game you have a pretty good 
chanse for the tournment. I am okay with the 
others}  Re3 {It looks that way at this point.Time 
will tell.}  25.Qf2 Bxc3 26.h4 {I don't know, 
Caro-Kann, my first game. I ddin't have a sense of 
what can happen.}  Qe7 27.Rc1 Re8 {That's the best 
way to learn though.}  28.Rh3 {Fortunatelly I am 
wining another tournment, where I have 4/4 and 
other two winning positions.}  Re2 {That's 
great,glad to hear it.}  29.Qg3 {Thanks, perhaps 
we will meet again in Class A. But I have to learn 
Carro-Khan first!!}  Bxd4 {That would be nice,do a 
lot of practice,that helps.}  0-1

[Event "HCL-C260"]
[Site "www.playchess.de"]
[Date "2001.04.12"]
[Round "10"]
[White "lostpawn2000"]
[Black "dijk"]
[WhiteElo "1521"]
[BlackElo "1181"]
[PlyCount "41"]
[Result "1-0"]

1.d4 d5 2.c4 dxc4 3.e4 e6 4.Bxc4 Nc6 5.Nf3 Bb4+ 
6.Nc3 Nge7 7.O-O Ng6 8.Bg5 f6 9.Be3 Bd7 10.Qb3 
Bxc3 11.bxc3 Na5 12.Qb4 Nxc4 13.Qxc4 O-O 14.a4 Bc6 
15.Qxe6+ Kh8 16.Nd2 Re8 17.Qb3 Bxe4 18.Nxe4 Rxe4 
19.Qxb7 Nh4 20.Qxe4 Ng6 21.Rab1 1-0

[Event "HCL-C261"]
[Site "www.playchess.de"]
[Date "2001.04.12"]
[Round "7"]
[White "olaf"]
[Black "Max"]
[WhiteElo "1446"]
[BlackElo "1597"]
[PlyCount "68"]
[Result "0-1"]

1.e4 e5 2.Nf3 Nc6 3.Bc4 Nf6 4.Ng5 d5 5.exd5 Nxd5 
6.O-O Be7 7.Nxf7 Kxf7 8.Qf3+ Bf6 9.Bxd5+ Be6 
10.Bxc6 bxc6 11.Nc3 Bd5 12.Nxd5 cxd5 13.d3 h6 
14.Re1 Re8 15.b3 Kg8 16.Rb1 c6 17.Ba3 Qa5 18.Bd6 
Qxa2 19.c4 Rad8 20.Bc5 e4 21.dxe4 dxe4 22.Qh5 Re5 
23.Qg6 Rxc5 24.Qxe4 Re5 25.Qf3 Rde8 26.Kf1 R5e2 
27.Rbd1 Qc2 28.g3 Bc3 29.Qxe2 Rxe2 30.Rd8+ Kh7 
31.Rxe2 Qxb3 32.h4 Qxc4 33.h5 a5 34.f3 
a4 0-1

[Event "HCL-E032"]
[Site "www.playchess.de"]
[Date "2001.04.12"]
[Round "15"]
[White "Mosca"]
[Black "bernalius"]
[WhiteElo "2100"]
[BlackElo "2000"]
[PlyCount "47"]
[Result "1-0"]

1.e4 c5 2.Nf3 d6 3.d4 cxd4 4.Nxd4 Nf6 5.Nc3 a6 
6.Be2 e5 7.Nb3 Be6 8.O-O Nbd7 9.f4 Qc7 10.f5 Bc4 
11.Be3 Be7 12.a4 O-O 13.a5 b5 14.axb6 Nxb6 15.Kh1 
Rfc8 16.Bxb6 Qxb6 17.Bxc4 Rxc4 18.Qe2 Rac8 19.Ra2 
Qb7 20.Na5 {Lastima, era Ad8 primero}  Rxe4 {si, 
Qb4 también era interesante, pero bueno vamos a 
trabajar con calidad de menos}  21.Nxb7 Rxe2 
22.Nxe2 Rxc2 23.Nc3 d5 24.Rxa6 1-0

[Event "HCL-E032"]
[Site "www.playchess.de"]
[Date "2001.04.12"]
[Round "17"]
[White "Muldon"]
[Black "peze"]
[WhiteElo "2000"]
[BlackElo "2013"]
[PlyCount "22"]
[Result "0-1"]

1.d4 Nf6 2.c4 e6 3.Nc3 Bb4 4.Bg5 c5 5.d5 h6 6.Bh4 
d6 7.Bxf6 Qxf6 8.Qc2 Nd7 9.e4 O-O 10.dxe6 fxe6 
11.f3 Bxc3+ {Be early for draw! Sorry!} 
 0-1

[Event "HCL-A120"]
[Site "www.playchess.de"]
[Date "2001.04.12"]
[Round "1"]
[White "One_i"]
[Black "SonofaBlitz"]
[WhiteElo "1706"]
[BlackElo "1700"]
[PlyCount "47"]
[Result "1-0"]

1.d4 {Good luck to you from New Brunswick}  d5 
{Good luck from Ontario}  2.Nf3 e6 3.Bf4 c5 4.c3 
Nc6 5.e3 a6 6.Bd3 Nf6 7.Nbd2 cxd4 8.exd4 Bd6 9.Ne5 
Ne7 10.O-O Ng6 11.Bg3 O-O 12.Ndf3 Bxe5 13.Nxe5 Nd7 
14.f4 Ndxe5 15.fxe5 Bd7 16.Qh5 Bb5 17.Rad1 Bxd3 
18.Rxd3 f5 19.exf6 Rxf6 20.Rdf3 Rxf3 21.Rxf3 Qe7 
22.Be5 Rf8 23.Rxf8+ Qxf8 24.Qf3 1-0

[Event "HCL-B266"]
[Site "www.playchess.de"]
[Date "2001.04.12"]
[Round "16"]
[White "lonewolf"]
[Black "Iron_Flower"]
[WhiteElo "1615"]
[BlackElo "1110"]
[PlyCount "39"]
[Result "1-0"]

1.d4 d5 {Hi, from Leeuwarden, the Netherlands}  
2.Nf3 {Hello,from Arizona}  Nf6 3.c4 e6 4.Nc3 Be7 
5.Bg5 Nbd7 6.e3 h6 7.Bf4 O-O 8.cxd5 exd5 9.Bd3 c6 
10.h3 Nb6 11.O-O Be6 12.Qc2 Rc8 13.Rfc1 c5 14.dxc5 
Bxc5 15.a4 Bb4 16.Nd4 a5 17.Qe2 Nc4 18.Nxd5 Nxb2 
19.Nxf6+ Qxf6 {Little (?) mistake....}  
20.Qxb2 1-0

[Event "HCL-A120"]
[Site "www.playchess.de"]
[Date "2001.04.12"]
[Round "3"]
[White "SonofaBlitz"]
[Black "Whatever"]
[WhiteElo "1700"]
[BlackElo "1532"]
[PlyCount "40"]
[Result "0-1"]

1.d4 {Good Luck from Canada}  Nf6 {Have a good 
game.}  2.Nf3 g6 3.e3 Bg7 4.c4 O-O 5.Nc3 d5 6.h3 
c5 7.cxd5 Nxd5 8.Bc4 Nxc3 9.bxc3 Nc6 10.O-O Qc7 
11.Qe2 e5 12.d5 Na5 13.Bb2 Nxc4 14.Qxc4 a6 15.Ba3 
b6 16.Rad1 Bd7 17.Ng5 Bb5 18.Qh4 h6 19.Rfe1 hxg5 
20.Qxg5 e4 0-1

[Event "HCL-A109"]
[Site "www.playchess.de"]
[Date "2001.04.12"]
[Round "1"]
[White "LUCIANO"]
[Black "Rifleman"]
[WhiteElo "1700"]
[BlackElo "1554"]
[PlyCount "42"]
[Result "1/2-1/2"]

1.d4 g6 2.c4 Bg7 3.e3 Nf6 4.Nf3 O-O 5.Be2 d5 6.O-O 
dxc4 7.Bxc4 Bg4 8.h3 Bxf3 9.Qxf3 c6 10.Bd2 Nbd7 
11.Bb4 Nb6 12.Bb3 Nfd5 13.Bd2 e6 14.Nc3 Nxc3 
15.Bxc3 Qf6 16.Qxf6 Bxf6 17.Rad1 Rfe8 18.Rfe1 e5 
{Moveing along in the game today}  19.d5 cxd5 {:}  
20.Bxd5 Nxd5 21.Rxd5 Rad8 {Looks like a draw} 
 1/2-1/2

[Event "HCL-B262"]
[Site "www.playchess.de"]
[Date "2001.04.12"]
[Round "7"]
[White "Leno"]
[Black "gigabyte"]
[WhiteElo "1200"]
[BlackElo "1422"]
[PlyCount "70"]
[Result "0-1"]

1.e4 c6 2.d4 d5 3.Nc3 dxe4 4.Nxe4 Nd7 5.Nf3 Ngf6 
6.Nxf6+ Nxf6 7.h3 Bf5 8.Bd3 Bg6 9.O-O Bxd3 10.Qxd3 
e6 11.Re1 Be7 12.c3 O-O 13.Bg5 Nd5 14.Bxe7 Nxe7 
15.Ng5 Ng6 16.h4 Qd5 17.Re5 Qxg2+ 18.Kxg2 Nf4+ 
19.Kf1 Nxd3 20.Re2 Nf4 21.Re4 Nd5 22.Nf3 Rac8 
23.Ke2 c5 24.Kd2 Nf6 25.Re2 cxd4 26.Nxd4 Rfd8 
27.Ke1 Rd5 28.Rd1 Rcd8 29.f3 e5 30.Red2 exd4 
31.R2xd4 Re8+ 32.Kf2 Rde5 33.R4d8 R5e2+ 34.Kf1 
Rxb2 35.Re1 Rxd8 0-1

[Event "HCL-B262"]
[Site "www.playchess.de"]
[Date "2001.04.12"]
[Round "16"]
[White "whatsleft2"]
[Black "gigabyte"]
[WhiteElo "1874"]
[BlackElo "1422"]
[PlyCount "121"]
[Result "1-0"]

1.e4 {goodluck}  e5 2.Nf3 Nc6 3.d4 exd4 4.c3 Nf6 
5.e5 Ne4 6.Qe2 d5 7.exd6 f5 8.dxc7 Qxc7 9.Nbd2 
dxc3 10.Nxe4 fxe4 11.Qxe4+ Qe7 12.Qxe7+ Bxe7 
13.bxc3 Bg4 14.Bc4 Bxf3 15.gxf3 Bf6 16.Kd2 O-O-O+ 
17.Kc2 Rhf8 18.Be3 Kb8 19.Rad1 Rxd1 20.Rxd1 Ka8 
21.Bd3 h5 22.Bg6 Rh8 23.f4 Ne7 24.Bxh5 Nf5 25.Bg6 
Nxe3+ 26.fxe3 Rxh2+ 27.Rd2 Rh3 28.Rd3 {love}  b5 
29.e4 Rh8 30.e5 Rh2+ 31.Rd2 Rxd2+ 32.Kxd2 Be7 
33.Kd3 Kb7 34.c4 bxc4+ 35.Kxc4 Kc6 36.Be4+ Kc7 
37.Kd5 Kd8 38.Ke6 Ke8 39.f5 Bc5 40.Bc6+ {it is 
starting to look like a draw}  Kf8 41.Bf3 Ke8 
42.Bh5+ Kf8 43.a4 Bd4 44.Kd5 Be3 45.Kd6 Bf4 46.Ke6 
Kg8 47.Bg6 Kf8 48.Kd6 a6 49.a5 Kg8 50.Bh5 Bd2 
51.e6 Bxa5 52.Kd7 Bb4 53.e7 Bxe7 54.Kxe7 Kh7 
55.Be8 a5 {quite an outregous improvment since i 
seen u play on achess...hummm!!}  56.Bd7 {could 
never play fast games well look on uscf live fast 
games 1400+ hour games 1800+}  Kh6 57.Kf7 {have 
also been taking lessons  from an international 
master for the past year}  Kh7 {and who would that 
be pray tell...keep digging}  58.Ba4 {im is 
raymond deque i am chess coach for russell elem 
brownsville tx state champs 7yrs in a row}  Kh6 
{lol..lol..lol...lol..ur killin me man}  59.Bc2 
{texas state scholastic chess check it out you 
should have taken draw offer}  a4 {bable all u 
want cheater, u will soon have a "C" with ur name} 
 60.Bxa4 {:)}  Kg5 61.Bc2 1-0

[Event "HCL-B272"]
[Site "www.playchess.de"]
[Date "2001.04.12"]
[Round "4"]
[White "r2d2c3po"]
[Black "Croxen"]
[WhiteElo "1200"]
[BlackElo "1500"]
[PlyCount "30"]
[Result "0-1"]

1.e4 e6 2.Nf3 d5 3.exd5 exd5 4.d4 Bd6 5.Nc3 c6 
6.Ne5 Qe7 7.Bf4 f6 8.Bd3 fxe5 9.dxe5 g6 10.h4 Nd7 
11.h5 Nxe5 12.hxg6 Nxd3+ 13.Kd2 Bxf4+ 14.Kxd3 Bf5+ 
15.Kd4 Qb4+ 0-1

[Event "HCL-E037"]
[Site "www.playchess.de"]
[Date "2001.04.12"]
[Round "5"]
[White "suffix"]
[Black "marius"]
[WhiteElo "1939"]
[BlackElo "2000"]
[PlyCount "21"]
[Result "1-0"]

1.d4 Nf6 2.Bf4 d5 3.Nf3 e6 4.e3 c5 5.Nbd2 Nc6 6.c3 
Qb6 7.Rb1 a6 8.Ne5 Nxe5 9.dxe5 Nd7 10.Bg3 g5 
11.Qh5 1-0

[Event "HCL-C269"]
[Site "www.playchess.de"]
[Date "2001.04.12"]
[Round "3"]
[White "Ginebra"]
[Black "Stephen21"]
[WhiteElo "1000"]
[BlackElo "1175"]
[PlyCount "54"]
[Result "0-1"]

1.e4 {Hi, have a nice game}  d5 {Yeah you too ^_^} 
 2.d3 Nf6 3.Nc3 e5 4.Bg5 Be7 5.Nf3 O-O 6.Nxe5 Qd6 
7.f4 dxe4 8.dxe4 Qb4 9.Qc1 Nc6 10.a3 Qd4 11.Bd3 
Ng4 12.Qd2 f6 13.Nxc6 bxc6 14.Bh4 Rd8 15.O-O-O Re8 
16.h3 Nh6 17.f5 Bb7 18.Rde1 Rad8 19.b3 Bxa3+ 
20.Kb1 a5 21.Rhf1 a4 22.Nxa4 c5 23.Bf2 Qe5 24.Be3 
Bc6 25.Bxh6 Bxa4 26.Bc4+ Kh8 27.Qxd8 
Qb2+ 0-1

[Event "HCL-B253"]
[Site "www.playchess.de"]
[Date "2001.04.12"]
[Round "10"]
[White "zmaster"]
[Black "peakbagger"]
[WhiteElo "1200"]
[BlackElo "1200"]
[PlyCount "54"]
[Result "0-1"]

1.e4 {have a nice game: Linda}  e5 2.d3 {tsk, too 
bad, u are a player with no name :)}  Nf6 3.Bg5 h6 
4.Bxf6 Qxf6 5.Qf3 Nc6 6.Qxf6 gxf6 7.c3 Bc5 8.Nf3 
d6 9.Nbd2 Be6 10.b4 Bb6 11.a4 a5 12.b5 Ne7 13.Be2 
f5 14.exf5 Nxf5 15.c4 O-O-O 16.O-O {u dont give me 
many possibilities}  Rhg8 17.Ne4 Nd4 18.Nxd4 Bxd4 
19.Rab1 Bh3 20.Ng3 Be6 21.Bf3 b6 {time to go to 
sleep !}  22.Nh5 {sleep tight and dont wake up 
before ur time ended}  Rg5 23.Nf6 {time for a 
nightnap:_)}  Rg6 24.Nh5 Rdg8 {you made me think 
!}  25.g3 {>:)) u know to resign? hihihihi}  f5 {A 
slow death....}  26.Bd5 {slow is better, join the 
moment !!!!}  Bxd5 {hummm}  27.cxd5 {i join a draw 
too >:))}  Rf8 {draw what ?}  0-1

[Event "HCL-A109"]
[Site "www.playchess.de"]
[Date "2001.04.12"]
[Round "8"]
[White "Rifleman"]
[Black "One_i"]
[WhiteElo "1554"]
[BlackElo "1706"]
[PlyCount "29"]
[Result "1/2-1/2"]

1.Nf3 Nf6 {Good luck to you from Canada}  2.g3 
{Yes Yes and have a good game}  b6 3.Bg2 Bb7 4.O-O 
{:}  d5 5.d4 e6 6.b3 Nbd7 7.Ne5 Be7 8.Nxd7 Qxd7 
9.Re1 O-O 10.c4 Bb4 11.Bd2 a5 12.Bxb4 axb4 13.cxd5 
Bxd5 14.Bxd5 Qxd5 15.e3 1/2-1/2

[Event "HCL-A109"]
[Site "www.playchess.de"]
[Date "2001.04.12"]
[Round "18"]
[White "Ciociosan"]
[Black "easykiller"]
[WhiteElo "1815"]
[BlackElo "1631"]
[PlyCount "57"]
[Result "1-0"]

1.e4 c5 {Hi from Slovakia}  2.Nf3 {Hi}  Nc6 3.d4 
cxd4 4.Nxd4 Nf6 5.Nc3 e5 6.Ndb5 d6 7.Bg5 a6 8.Na3 
b5 9.Nd5 Be7 10.Bxf6 Bxf6 11.c3 Ne7 12.Nxf6+ gxf6 
13.Be2 Bb7 14.Bf3 d5 15.exd5 Bxd5 16.Nc2 O-O 
17.Ne3 Bxf3 18.Qxf3 Ng6 19.Rd1 Qe7 20.Nd5 Qa7 
21.Nxf6+ Kg7 22.Nh5+ Kh6 23.h4 f5 24.Qg3 Qe7 
25.Rd7 f4 26.Qg4 Rfg8 27.Rxe7 Nxe7 28.Qe6+ Ng6 
29.Qf6 1-0

[Event "HCL-B271"]
[Site "www.playchess.de"]
[Date "2001.04.12"]
[Round "10"]
[White "Daniel_Macintyre"]
[Black "Lycanth"]
[WhiteElo "1200"]
[BlackElo "1305"]
[PlyCount "56"]
[Result "0-1"]

1.d4 {hi and good luck}  Nf6 2.c4 g6 3.Nc3 Bg7 
4.e4 d6 5.Nf3 O-O 6.Bg5 Bg4 7.Be2 Nbd7 8.O-O h6 
9.Bh4 g5 10.Bg3 Nh5 11.Qd2 Nxg3 12.fxg3 c5 13.d5 
e6 14.Nxg5 Bxe2 15.Nxe6 fxe6 16.Nxe2 exd5 17.exd5 
Qb6 18.Nf4 Qxb2 19.Qxb2 Bxb2 20.Rab1 Bd4+ 21.Kh1 
b6 22.Ne6 Rxf1+ 23.Rxf1 Ne5 24.Rc1 Rb8 25.h3 Rb7 
26.g4 Rf7 27.g5 hxg5 28.Nxg5 Rf2 0-1

[Event "ACL-E011"]
[Site "www.playchess.de"]
[Date "2001.04.12"]
[Round "10"]
[White "Bauernopfer"]
[Black "Bill"]
[WhiteElo "1623"]
[BlackElo "1716"]
[PlyCount "51"]
[Result "1/2-1/2"]

1.e4 e5 2.Nf3 Nc6 3.Bb5 a6 4.Bxc6 dxc6 5.O-O f6 
6.d3 Bc5 7.Nc3 Ne7 8.Qe2 Bg4 9.h3 Bh5 10.Be3 Bd4 
11.Bxd4 exd4 12.Nd1 Ng6 13.c3 Nf4 14.Qd2 Nxh3+ 
15.gxh3 Bxf3 16.Qf4 Be2 17.Re1 Bxd3 18.e5 O-O 
19.cxd4 fxe5 20.Qxe5 Re8 {A bloodbath of the major 
pieces coming?}  21.Qxe8+ {Yes, and at least you 
will win. I played a little bit unconcentrate 
today.}  Qxe8 {Hard to say, I've been know to play 
the blunders!}  22.Rxe8+ {me too}  Rxe8 {Sorry for 
the delay, had to leave town for a couple of 
days.}  23.Nc3 {no problem. During eastern I will 
not play}  Kf7 {ok, I'll be gone all of next week 
too.}  24.Rd1 {.}  Bc2 25.Rd2 Bf5 
26.Kh2 1/2-1/2

[Event "HCL-C263"]
[Site "www.playchess.de"]
[Date "2001.04.12"]
[Round "14"]
[White "MEATHEAD"]
[Black "sander"]
[WhiteElo "955"]
[BlackElo "867"]
[PlyCount "99"]
[Result "1/2-1/2"]

1.e4 e5 {You again - Greets!}  2.Nc3 {same name, 
different results}  Nc6 {we'll see...}  3.Nf3 Nf6 
4.Bc4 Bb4 5.Ng5 Nd5 6.d3 Nxc3 7.bxc3 Bxc3+ 8.Kf1 
Bxa1 9.Nxf7 Qh4 {damn, i knew you'd do that :(}  
10.Nxh8 Bd4 11.Be3 d6 12.Bf7+ Ke7 13.c3 Bxe3 
14.fxe3 Bg4 15.Qe1 Qf6+ 16.Qf2 Rxh8 17.Qxf6+ gxf6 
18.Bd5 f5 19.h3 Bh5 20.exf5 Bf7 21.Bxc6 bxc6 22.a4 
Rg8 23.g4 Bd5 24.Rg1 c5 25.e4 Bb3 26.a5 Bc2 27.Rg3 
a6 28.c4 Rb8 29.Ke2 Rb2 30.g5 Ra2 31.g6 hxg6 
32.fxg6 Kf8 33.g7+ Kg8 34.h4 Rxa5 35.h5 Rb5 36.h6 
Rb8 37.Rf3 a5 38.Kd2 Bb3 39.Rf1 a4 40.Ra1 Kh7 
41.Rh1 a3 42.Kc3 Ba2 43.Ra1 Rb3+ 44.Kc2 Rb2+ 
45.Kc3 Rb3+ 46.Kc2 {care for a draw my friend??}  
c6 47.Rxa2 {i tried to offer, now u die!!! ha ha 
ha}  Rb8 {you're playing too much quake, aren't 
you?}  48.Rxa3 Kxh6 49.Ra7 Rg8 {why should i 
accept a draw?}  50.Rc7 {still dont wish to 
draw????}  1/2-1/2

[Event "HCL-B283"]
[Site "www.playchess.de"]
[Date "2001.04.12"]
[Round "7"]
[White "sintetio"]
[Black "Savage"]
[WhiteElo "1500"]
[BlackElo "1435"]
[PlyCount "40"]
[Result "0-1"]

1.e4 c5 {Hello}  2.Nf3 Nc6 3.d4 cxd4 4.Nxd4 g6 
5.Nf3 Bg7 6.c3 d6 7.Bb5 Bd7 8.Bc4 Nf6 9.Nbd2 O-O 
10.O-O Rc8 11.Bb3 Qa5 12.Nc4 Qh5 13.Ncd2 Bg4 
14.Qc2 d5 15.a3 dxe4 16.Ne1 Nd4 17.Qb1 Ne2+ 18.Kh1 
Rc5 19.Nxe4 Qxh2+ 20.Kxh2 Rh5+ {Thanks for the 
game.  Good luck in your other games.} 
 0-1

[Event "HCL-C279"]
[Site "www.playchess.de"]
[Date "2001.04.12"]
[Round "27"]
[White "MEATHEAD"]
[Black "supernova"]
[WhiteElo "895"]
[BlackElo "1167"]
[PlyCount "74"]
[Result "0-1"]

1.e4 e5 2.Nf3 Nc6 3.Nc3 Nf6 4.Bc4 Bb4 5.Ng5 O-O 
6.a3 Bxc3 7.dxc3 d6 8.O-O Nxe4 9.Nxe4 Bf5 10.Ng5 
d5 11.Bxd5 Bxc2 12.Qf3 Bg6 13.Bxc6 bxc6 14.Be3 h6 
15.Rad1 Qe7 16.Nh3 c5 17.b4 c4 18.Bc5 Qh4 19.Bxf8 
Rxf8 20.Rd7 Bd3 21.Rd1 g5 22.Qf6 Qg4 23.Re1 Qxd7 
24.Rxe5 Bf5 25.f3 Qd1+ 26.Kf2 Bxh3 27.gxh3 Qh1 
28.Qxh6 Qxh2+ 29.Kf1 Qxe5 {what's you're real name 
man?}  30.h4 gxh4 31.Qxh4 {meted}  Re8 {meted? is 
that Indian name?}  32.f4 Qe2+ {ok}  33.Kg1 Qd1+ 
34.Kf2 Re2+ 35.Kf3 Rd2+ 36.Ke4 Qe2+ 37.Kf5 
Rd5+ 0-1